Refranero colombiano (Registro nro. 2940)

Detalles MARC
000 -CABECERA
Longitud fija campo de control 01754nam a2200313Ia 4500
005 - • FECHA Y HORA DE LA ÚLTIMA TRANSACCIÓN
Fecha y hora de la última transacción 20220317000029.0
008 - • CÓDIGOS DE INFORMACIÓN DE LONGITUD FIJA
Códigos de información de longitud fija 00003022009 ck g spa spa
020 ## - • NÚMERO INTERNACIONAL NORMALIZADO PARA LIBROS
Número Internacional Normalizado para Libros (ISBN) 9789583003608
041 ## - • CÓDIGO DE LENGUA
Código de lengua del texto/banda sonora o título independiente spa
082 04 - • NÚMERO DE LA CLASIFICACIÓN DECIMAL DEWEY
Número de clasificación (R) 398.9861
Número del ítem A18r
040 ## - FUENTE DE LA CATALOGACIÓN
Centro catalogador de origen CO-BoRNBP
Lengua de catalogación spa
Normas de descripción rda
Centro transcriptor CO-BoRNBP
100 1# - • PUNTO DE ACCESO PRINCIPAL-NOMBRE DE PERSONA
Nombre de persona Acuña Tapias, Luis Alberto
Fechas asociadas al nombre 1904-1993
245 10 - • TITULO PROPIAMENTE DICHO
Título Refranero colombiano
Resto del título mil y un refranes
Mención de responsabilidad, etc. Luis Alberto Acuña
250 ## - • MENCIÓN DE EDICIÓN
Mención de edición 1a. edición
264 ## - PRODUCCIÓN, PUBLICACIÓN , DISTRIBUCIÓN, FABRICACIÓN Y COPYRIGHT
Lugar de producción, publicación, distribución, fabricación Bogotá
Nombre del productor, editor, distribuidor, fabricante Panamericana
Fecha de de producción, publicación, distribución, fabricación o copyright 2009
300 ## - • DESCRIPCIÓN FÍSICA
Extensión 181 páginas
Dimensiones 20 cm
336 ## - TIPO DE CONTENIDO
Término de tipo de contenido texto
Código de tipo de contenido txt
Fuente rdacontent
337 ## - TIPO DE MEDIO
Nombre del tipo de medio sin mediación
Código del tipo de medio n
Fuente rdamedia
338 ## - TIPO DE SOPORTE
Nombre del tipo de soporte volumen
Código del tipo de soporte nc
Fuente rdacarrier
490 ## - • MENCIÓN DE SERIE
Mención de serie Biblioteca de temas colombianos
500 ## - • NOTA GENERAL
Nota general Incluye glosario, vocabulario y datos biográficos del autor
505 ## - • NOTA DE CONTENIDO CON FORMATO
Nota de contenido con formato De la virtud y del vicio Del dinero y los negocios Del amor y del matrimonio De Dios y del diablo De los hombres y las mujeres De la higiene y la salud De la buena y de la mala fortuna De los amigos y de los enemigos De la sabiduría y de la ignorancia Del buen y del mal tiempo De la juventud y de la vejez De la ley de la injusticia De las supersticiones y de los agüeros De la herencia o del poder del atavismo De los padre e hijos y otras cuestiones familiares De los caballos, perros y otros animales Del altruismo y del egoísmo De las apariencias y de los engaños De las profesiones y de los oficios De la buena fama y mala reputación De las advertencias y de los consejos De los wellerismos colombianos
650 14 - • PUNTO DE ACCESO ADICIONAL DE MATERIA - TÉRMINO DE MATERIA
Fuente del encabezamiento o término LEMB
Término de materia o nombre geográfico como elemento inicial Cultura popular
650 14 - • PUNTO DE ACCESO ADICIONAL DE MATERIA - TÉRMINO DE MATERIA
Fuente del encabezamiento o término LEMB
Término de materia o nombre geográfico como elemento inicial Folclor colombiano
650 14 - • PUNTO DE ACCESO ADICIONAL DE MATERIA - TÉRMINO DE MATERIA
Fuente del encabezamiento o término LEMB
Término de materia o nombre geográfico como elemento inicial Poesía popular
Subdivisión de forma Colecciones
650 14 - • PUNTO DE ACCESO ADICIONAL DE MATERIA - TÉRMINO DE MATERIA
Fuente del encabezamiento o término LEMB
Término de materia o nombre geográfico como elemento inicial Refranes
650 14 - • PUNTO DE ACCESO ADICIONAL DE MATERIA - TÉRMINO DE MATERIA
Fuente del encabezamiento o término LEMB
Término de materia o nombre geográfico como elemento inicial Proverbios colombianos
942 ## - ENTRADA DE ELEMENTOS AGREGADOS (KOHA)
Fuente de clasificaión o esquema Dewey Decimal Classification
Koha [por defecto] tipo de item LIbro
Existencias
Perdido Fuente de clasificación o esquema Estado Físico No para préstamo Forma de adquisición Localización permanente Localización actual Localización en estanterías Fecha adquisición Préstamos totales Signatura completa Código de barras Fecha última consulta Número de copia Fecha del precio de reemplazo Tipo de item de Koha Fuente de adquisición Calificador de ubicación codificada
  Dewey Decimal Classification     Colección General Biblioteca Pública Dorado Biblioteca Pública Dorado General 03/14/2023   398.9861 a18 DOR01199 03/14/2023 Ej.1 03/14/2023 LIbro    
  Dewey Decimal Classification     Colección General Biblioteca Pública Dorado Biblioteca Pública Dorado General 03/14/2023   398.9861 a18 DOR00011 03/14/2023 Ej.1 03/14/2023 LIbro    
  Dewey Decimal Classification     Colección General Biblioteca Pública El Castillo - Alfonso Meneses Biblioteca Pública El Castillo - Alfonso Meneses General 06/27/2023   398.9098 A28r3 EC00745 06/27/2023 Ej.1 06/27/2023 LIbro    
  Dewey Decimal Classification     Colección General Biblioteca Pública Barranca de Upia - María Dolores Herrera Biblioteca Pública Barranca de Upia - María Dolores Herrera General 08/02/2024   398.9861 A18r BUP01522 08/02/2024 Ej.1 08/02/2024 LIbro    
  Dewey Decimal Classification     Colección General Biblioteca Pública Guamal Biblioteca Pública Guamal General 03/17/2023   398.9861 A18r GUA002449 03/17/2023 Ej.1 03/17/2023 LIbro    
  Dewey Decimal Classification     Colección General Biblioteca Pública La Macarena Biblioteca Pública La Macarena General 07/15/2023   398.9861 A18r LM00199 07/15/2023 Ej.1 07/15/2023 LIbro    
  Dewey Decimal Classification     Colección General Biblioteca Pública Mapiripan - Jorge Eliecer Gaitán Biblioteca Pública Mapiripan - Jorge Eliecer Gaitán General 08/14/2025   398.9861 A18r MPJG00516 08/14/2025 Ej.1 08/14/2025 LIbro    
  Dewey Decimal Classification     Colección General Biblioteca Pública Rural El Yarí- vereda Playa Rica La Macarena Biblioteca Pública Rural El Yarí- vereda Playa Rica La Macarena General 06/12/2025   398.9861 A18r 9789583003608 07/14/2025 Ej.1 07/14/2025 LIbro ministerio de cultura 9789583003608









Instituto Departamental de Cultura del Meta - Red Departamental de Bibliotecas Públicas del Meta.